| 000 | 01359cam a22002294a 4500 | ||
|---|---|---|---|
| 005 | 20250605164105.0 | ||
| 008 | 250528s ||||||||||||||||||||||||d | ||
| 035 | _a17716 | ||
| 020 | _a9789608842793 | ||
| 040 |
_aGR-AtMCL _bgre _dGR-AtMCL _eAACR2 |
||
| 245 | 1 | _aΒαφές και Επιχρίσματα / Είδη, Εφαρμογές, Ειδικές Τεχνικές, Συντήρηση | |
| 250 | _a1η | ||
| 260 | _c2007 | ||
| 300 | _a128 | ||
| 505 | 0 | _aΒαφές, Είδη Βαφών, Ποιότητα των Βαφών, Εφαρμογή των Βαφών, Ειδικές Εφαρμογές Βαφών, Επιχρίσματα, Εξέλιξη των Επιχρισμάτων, Ειδη Επιχρησμάτων, Έτοιμα Επιχρήσματα, Εφαρμογή των Επιχρησμάτων. | |
| 520 | _aΒαφές, Είδη Βαφών, Ποιότητα των Βαφών, Εφαρμογή των Βαφών, Ειδικές Εφαρμογές Βαφών, Επιχρίσματα, Εξέλιξη των Επιχρισμάτων, Ειδη Επιχρησμάτων, Έτοιμα Επιχρήσματα, Εφαρμογή των Επιχρησμάτων. | ||
| 700 | 1 |
_aΚτιριο Τεχνικο Περιοδικο _93903 |
|
| 700 | 1 |
_aΠαππαιωάννου Πέτρος Χ _93904 |
|
| 942 | _cBK | ||
| 999 |
_c3117 _d3117 |
||